000 00651nam a2200217Ia 4500
003 GCL
008 140319s9999 xx 000 0 ara d
040 _aGCL /
_cGCL
082 0 4 _a327.730611
_bف ا
100 1 _aفريق من الخبراء
245 1 0 _aاغتيال ليبيا /
_cفريق من الخبراء
260 _a[S.N] :
_bمكتبة مدبولى ،
_c1993
300 _a429 ص
490 _a
650 0 4 _aليبيا
650 0 4 _aالارهاب
650 0 4 _aالولايات المتحدة الامريكية
650 0 4 _aالجرائم السياسية
650 0 4 _aالعلاقات الخارجية
942 _2ddc
_cBK
999 _c30844
_d30844